Psoriasis and insulin resistance / (رقم التسجيلة. 11016)

تفاصيل مارك
000 -LEADER
fixed length control field 014330000a22003490004500
003 - CONTROL NUMBER IDENTIFIER
control field EG-GICUC
005 - DATE AND TIME OF LATEST TRANSACTION
control field 20250223025340.0
008 - FIXED-LENGTH DATA ELEMENTS--GENERAL INFORMATION
fixed length control field 080618s2008 ua d f m 000 0 eng d
040 ## - CATALOGING SOURCE
Original cataloging agency EG-GICUC
Language of cataloging eng
Transcribing agency EG-GICUC
041 0# - LANGUAGE CODE
Language code of text/sound track or separate title Eng
049 ## - LOCAL HOLDINGS (OCLC)
Holding library Deposite
097 ## - Thesis Degree
Thesis Level M.Sc
099 ## - LOCAL FREE-TEXT CALL NUMBER (OCLC)
Classification number Cai01.11.10.M.Sc.2008.No.P
100 0# - MAIN ENTRY--PERSONAL NAME
Personal name Noha Elshahat Aziz Mohamed
245 10 - TITLE STATEMENT
Title Psoriasis and insulin resistance /
Statement of responsibility, etc. Noha Elshahat Aziz Mohamed ; Supervised Amany Z.Elramly , Amira M.Eltawdy , Olfat G.Shaker
246 15 - VARYING FORM OF TITLE
Title proper/short title الصدفية و مقاومة الانسولين
260 ## - PUBLICATION, DISTRIBUTION, ETC.
Place of publication, distribution, etc. Cairo :
Name of publisher, distributor, etc. Noha Elshahat Aziz Mohamed ,
Date of publication, distribution, etc. 2008
300 ## - PHYSICAL DESCRIPTION
Extent 96P. :
Other physical details charts ;
Dimensions 25cm
502 ## - DISSERTATION NOTE
Dissertation note Thesis (M.Sc.) - Cairo University - Faculty Of Medicine - Department Of Dermatology and Venerology
520 ## - SUMMARY, ETC.
Summary, etc. Psoriasis as a chronic inflammatory skin disorder is characterized by a variety of immunologic and inflammatory changes that may predispose to peripheral insluin resistance and the development of type II diabetes mellitus DM
530 ## - ADDITIONAL PHYSICAL FORM AVAILABLE NOTE
Additional physical form available note Issued also as CD
653 #4 - INDEX TERM--UNCONTROLLED
Uncontrolled term Insulin resistance
653 #4 - INDEX TERM--UNCONTROLLED
Uncontrolled term Psoriais
653 #4 - INDEX TERM--UNCONTROLLED
Uncontrolled term Skin - diseases
700 0# - ADDED ENTRY--PERSONAL NAME
Personal name Amany Zaki Elramly ,
Relator term
700 0# - ADDED ENTRY--PERSONAL NAME
Personal name Amira Mohamed Eltawdy ,
Relator term
700 0# - ADDED ENTRY--PERSONAL NAME
Personal name Olfat Gamil Shaker ,
Relator term
856 ## - ELECTRONIC LOCATION AND ACCESS
Uniform Resource Identifier <a href="http://172.23.153.220/th.pdf">http://172.23.153.220/th.pdf</a>
905 ## - LOCAL DATA ELEMENT E, LDE (RLIN)
Cataloger Mustafa
Reviser Revisor
905 ## - LOCAL DATA ELEMENT E, LDE (RLIN)
Cataloger Nazla
Reviser Cataloger
942 ## - ADDED ENTRY ELEMENTS (KOHA)
Source of classification or shelving scheme Dewey Decimal Classification
Koha item type Thesis
المقتنيات
Source of classification or shelving scheme Not for loan Home library Current library Date acquired Full call number Barcode Date last seen Koha item type Copy number
Dewey Decimal Classification   المكتبة المركزبة الجديدة - جامعة القاهرة قاعة الرسائل الجامعية - الدور الاول 11.02.2024 Cai01.11.10.M.Sc.2008.No.P 01010110049327000 22.09.2023 Thesis  
Dewey Decimal Classification   المكتبة المركزبة الجديدة - جامعة القاهرة مخـــزن الرســائل الجـــامعية - البدروم 11.02.2024 Cai01.11.10.M.Sc.2008.No.P 01020110049327000 22.09.2023 CD - Rom 49327.CD
Cairo University Libraries Portal Implemented & Customized by: Eng. M. Mohamady Contacts: new-lib@cl.cu.edu.eg | cnul@cl.cu.edu.eg
CUCL logo CNUL logo
© All rights reserved — Cairo University Libraries
CUCL logo
Implemented & Customized by: Eng. M. Mohamady Contact: new-lib@cl.cu.edu.eg © All rights reserved — New Central Library
CNUL logo
Implemented & Customized by: Eng. M. Mohamady Contact: cnul@cl.cu.edu.eg © All rights reserved — Cairo National University Library